Statistiques concernant Quelle Couleur ? - N°2

Cliquez ici pour prendre le quiz!

Statistiques générales

  • Ce quiz a été pris 55 fois
  • Le résultat moyen est 3 sur 5

Statistiques - réponses

QuestionRéponse% Correct
Quelle couleur apparaît sur le drapeau du Palaos ?Jaune
76%
Quelle couleur figure à la fois sur le drapeau du Sierra Leone et du Sénégal ?Vert
73%
Quelle couleur figure sur le drapeau d'Antigua-et-Barbuda mais pas sur celui de la Papouasie-Nouvelle-Guinée ?Bleu
57%
Quelle couleur n'apparaît pas sur le drapeau de la Tanzanie ?Blanc
55%
Quelle couleur figure sur le drapeau de l'Île Maurice et des Kiribati, mais pas sur celui de la Micronésie ou du Kazakhstan ?Rouge
49%

Distribution des résultats

Percentile par nombre de réponses

% des personnes avec chaque résultat

Votre développement - résultats

Vous n’avez pas pris ce quiz